000 00649nam a2200217Ia 4500
008 240729s9999 xx 000 0 und d
022 _a2772-9419
245 0 _aSystems and Soft Computing
260 _aNetherlands
260 _bElsevier
650 _a Electronic computers. Computer science
650 _a Industrial engineering. Management engineering
650 _a Information technology | Science
650 _a Instruments and machines
650 _a Mathematics
650 _a Technology (General)
650 _aTechnology
856 _uhttps://doaj.org/toc/0ddcf34e3eef4ac2b714773afcc44b4a
942 _2ddc
942 _cDOAJEJ
999 _c68404
_d68404
945 _a1
_bMadushi Gamage
_c1
_dMadushi Gamage